000 00321nab a22001097u 4500
008 130520b1984 xxu||||| |||| 00| 0 spa d
041 _aspa
100 1 _aTellería, L.
_967342
245 0 0 _aEl humilde servicio de coordinadora
_cL. Tellería
773 0 _tConcilium
_gV.2,1984,págs.411-413
_x0210-1041
_wRev134
942 _cAR
999 _c355129
_d355129